| 000 -LEADER |
| fixed length control field |
01459nam a2200253Ia 4500 |
| 001 - CONTROL NUMBER |
| control field |
18609 |
| 003 - CONTROL NUMBER IDENTIFIER |
| control field |
GE_BSU |
| 008 - FIXED-LENGTH DATA ELEMENTS--GENERAL INFORMATION |
| fixed length control field |
181216s||||||||xx |||||||||||||| ||und|| |
| 020 ## - INTERNATIONAL STANDARD BOOK NUMBER |
| International Standard Book Number |
9992881216 |
| 040 ## - CATALOGING SOURCE |
| Transcribing agency |
GE_BSU |
| 100 ## - MAIN ENTRY--PERSONAL NAME |
| Personal name |
შამილაძე ვ. |
| 245 ## - TITLE STATEMENT |
| Title |
ქართველ და უცხოელ მოგზაურ მკვლევართა ეთნოლოგიური ცნობები კავკასიის ხალხების შესახებ: უძძველესი დროიდან XIX საუკუნის დასასრულამდე |
| 245 ## - TITLE STATEMENT |
| Statement of responsibility, etc. |
რედ. ს. ჭანტურიშვილი |
| 250 ## - EDITION STATEMENT |
| Edition statement |
თსუ ეთნოლოგიის კათედრა |
| 260 ## - PUBLICATION, DISTRIBUTION, ETC. |
| Place of publication, distribution, etc. |
თბილისი |
| 260 ## - PUBLICATION, DISTRIBUTION, ETC. |
| Name of publisher, distributor, etc. |
უნივერსალი |
| 260 ## - PUBLICATION, DISTRIBUTION, ETC. |
| Date of publication, distribution, etc. |
2001 |
| 300 ## - PHYSICAL DESCRIPTION |
| Extent |
243გვ.20სმ. |
| 300 ## - PHYSICAL DESCRIPTION |
| Accompanying material |
საძიებ. გვ. 296-240. ბიბლ. ტექსტის შენიშვნა |
| 653 ## - INDEX TERM--UNCONTROLLED |
| Uncontrolled term |
ქართველ და უცხოელ მოგზაურ მკვლევართა ეთნოლოგიური ცნობები კავკასიის ხალხების შესახებ: უძძველესი დროიდან XIX საუკუნის დასასრულამდე |
| 653 ## - INDEX TERM--UNCONTROLLED |
| Uncontrolled term |
ქსეროქსი |
| 942 ## - ADDED ENTRY ELEMENTS (KOHA) |
| Koha item type |
წიგნი |